Malý modlitebník pre súkromné i verejné bohoslužby a pobožnosti

Podrobná bibliografia
Médium: Kniha
Jazyk:slovenčina
Fyzický popis:531, [1] s. V. 12°
Vydavateľské údaje: Trnava Spolok sv. Vojtecha 1949
Predmet:

MARC

LEADER 00000cam a2200000 a 4500
001 vtls008384294
003 SK-MaSNL
005 20260301140703.0
008 251124s1949 xo 000 0 slo
015 |a SNBA19451955-007110 
020 |q (viazané) 
035 |a SK01SNKBKSFS20020076511 
035 |a urn:nbn:sk:snk-am3ibnc 
035 |a urn:nbn:sk:snk-am00e14s 
035 |a BF2956AC-A0BE-472B-B4EE-F52EE7589048 
035 |a SKM000078974 
040 |a SNK  |b slo  |c SNK  |e AACR2 
041 0 |a slo 
044 |a xo  |c SK 
072 7 |a 27-5  |x Liturgia. Kresťanské umenie a symbolika. Duchovný život  |2 konspekt 
080 |a 243  |2 1981 
080 |a 272-1/-9  |2 2001 
080 |a (094.9)  |2 2011 
080 |a (0:82-97)  |2 2011 
245 0 0 |a Malý modlitebník pre súkromné i verejné bohoslužby a pobožnosti 
260 |a Trnava  |b Spolok sv. Vojtecha  |c 1949  |e Trnava  |f Západoslov. tlač. 
300 |a 531, [1] s.  |c V. 12° 
366 |e 15.000 výt. 
650 0 7 |a rímskokatolícke náboženstvo  |2 SNKPH  |9 67017 
650 0 7 |a Roman Catholic religion  |2 SNKPHeng  |9 318506 
655 7 |a zbierky  |2 SNKPH  |9 70533 
655 7 |a modlitby  |2 SNKPH  |9 70550 
655 7 |a Collections of documents  |2 SNKPHeng  |9 265173 
655 7 |a Prayers  |2 SNKPHeng  |9 291214 
852 |a Slovenská národná knižnica v Martine  |b 10000  |h MS SE 889 
852 |a Univerzitná knižnica v Bratislave  |b 300000  |h SG 5017 
852 |a Národní knihovna ČR Praha  |b 9090000  |h I 52552 
852 |a Univerzitní knihovna Praha  |b 9230000  |h 54 K 18080 
954 |a duchovná literatúra pôvodná (slovenská)  |2 lita 
958 |a OND 
958 |a RK 
958 |a TL 
958 |a NT 
958 |a EUIPO 
999 |c 764656  |d 766586 
952 |a SNK  |b SNK  |y PREZ  |7 0  |p 17A0732923  |o snkSE 889  |i snk4678/50  |0 0  |1 0  |4 0  |d 2017-08-23  |f 1  |l 0  |r 2026-02-24 00:15:45  |w 2026-02-24